00625nam a2200193 a 450000100100000000500170001000800410002702000150006804000250008308200160010810000220012424501490014625000110029526000430030630000250034949000130037450400310038783000130041800003519120200930074151.0111025s1988 mx 000 0 spa d a9683800025 aDO-SdBNPbspacBNPHU axxxxbS679g1 aSodi M., Demetrio14aLas grandes culturas de Meso-América :bdesde la llegada del hombre al Continente Americano hasta la última de las Culturas Prehispánicas. a8a ed. aMéxico :bPanorama Editorial,c1988. a199 p. :bil., retr.1 aPanorama aBibliografía : p.195-199 0aPanorama